000 00343nam a2200133Ia 4500
008 100328s9999 xx 000 0 und d
082 _b65213
100 _aपाटील अविनाश.
245 _aसार्थक.
260 _bकोमल.
630 _aसार्थक.
730 _aसार्थक.
942 _cBOOK
999 _c550961
_d550958